Computer accounting with quickbooks 2018

محفوظ في:
التفاصيل البيبلوغرافية
المؤلف الرئيسي:  Kay, Donna
التنسيق: Sách
اللغة:Undetermined
منشور في:  McGraw-Hill Education  2019
الموضوعات:
الوسوم: إضافة وسم
لا توجد وسوم, كن أول من يضع وسما على هذه التسجيلة!
Thư viện lưu trữ: Trung tâm Thư viện - Trường Đại học Công nghiệp TP. Hồ Chí Minh
LEADER 00561nam a2200157Ia 4500
001 UIH_05565
008 231011s9999 xx 000 0 und d
082 |a  657.9042 
100 |a  Kay, Donna 
245 0 |a  Computer accounting with quickbooks 2018 
245 0 |c  Kay, Donna 
260 |b  McGraw-Hill Education 
260 |c  2019 
650 |a  Small business; Small business; Kế toán doanh nghiệp; Tài chính doanh nghiệp;  
927 |a Sách 
980 |a Trung tâm Thư viện - Trường Đại học Công nghiệp TP. Hồ Chí Minh